000 00730nam a2200229 a 4500
001 19515
003 CO-ViMGA
008 141112s2004 ck r 000 u spa d
020 _a8430603417
040 _aCO-ViMGA
_bspa
_cCO-ViMGA
082 0 4 _a301.01 H113t
100 1 _aHabermas, Jurgen
_919772
245 1 0 _aTeoria de la acción comunicativa
260 _aMexico :
_bTaurus; 2002
300 _a2 vol.
505 _aVol. 1 : Racionalidad de la acción y racionalización social Vol. 2 : Crítica de la razón funcionalista
590 _aForma de adquisición : Premio Mincultura
650 1 4 _aCOMUNICACION - FILOSOFIA
_928158
650 1 4 _aRACIONALISMO
_92890
650 1 4 _aSOCIOLOGIA - FILOSOFIA
_928159
942 _2ddc
_cBK
999 _c28655
_d28655